Az Aral-tó katasztrófája
Elmentve itt :
| Szerző: | |
|---|---|
| Adatforrás: | Meister |
| Forrásdokumentuma: | A Hét. - 22 sz., 1993, 15 p. |
| Nyelv: | magyar |
| Kulcsszavak: | ökológia Aral-tó |
| LEADER | 00314nab a2200133 i 4500 | ||
|---|---|---|---|
| 001 | bibPRO00006702 | ||
| 008 | 060524s1993 xx hun | ||
| 040 | |a Sz1 | ||
| 041 | |a hun | ||
| 100 | 1 | |a ZZZ | |
| 245 | 1 | 3 | |a Az Aral-tó katasztrófája |c ZZZ |
| 695 | |a ökológia | ||
| 695 | |a Aral-tó | ||
| 773 | 0 | |t A Hét. - |g 22 sz., 1993, 15 p. | |